[Event "ch-FRA Junior 2013"]
[Site "Saint-Paul-Trois-Chateaux FRA"]
[Date "2013.05.01"]
[Round "5.13"]
[White "Stum,Loic"]
[Black "Bensaid,Simon"]
[Result "1-0"]
[WhiteElo "1683"]
[BlackElo "1554"]

1.e4 c5 2.Nf3 e6 3.d4 cxd4 4.Nxd4 Nc6 5.Nc3 a6 6.Be3 Nf6 7.f3 Qc7 8.Qd2 Bb4
9.a3 Bxc3 10.Qxc3 d5 11.Bd3 Bd7 12.O-O-O Rc8 13.Nb3 O-O 14.h4 dxe4 15.fxe4 Qe5
16.Qe1 Nb8 17.Bd4 Qc7 18.h5 e5 19.Bc3 Bg4 20.Rd2 Nxh5 21.Rh4 Nf6 22.Qg3 Qb6
23.Rxg4 Nxg4 24.Qxg4 Rxc3 25.bxc3 Qd6 26.Kb2 Qc7 27.Qg3 b5 28.Nd4 Rc8 29.Nxb5 axb5
30.Bxb5 Nc6 31.a4 Rd8 32.Rxd8+ Nxd8 33.Qd3 g5 34.Qd7 Qxd7 35.Bxd7 Nb7 36.Ka3 Kf8
37.Kb4 Ke7 38.Bc6 Nd6 39.a5 Kd8 40.a6 Nc8 41.Kc5 h5 42.Bb5 f6 43.Be2 g4 44.Kc6 Ne7+
45.Kb7  1-0

[Event "Mistrzostwa Malopolski A"]
[Site "Krakow POL"]
[Date "2013.05.03"]
[Round "7.15"]
[White "Knapik,A2"]
[Black "Zaboklicki,Z"]
[Result "1-0"]
[WhiteElo "1930"]
[BlackElo "1835"]

1.e4 c5 2.Nf3 Nc6 3.d4 cxd4 4.Nxd4 e6 5.Nc3 a6 6.g3 Nge7 7.Bg2 b5 8.O-O Nxd4
9.Qxd4 Bb7 10.Re1 Nc6 11.Qd1 Bc5 12.Be3 Bxe3 13.Rxe3 Ne5 14.Qd4 f6 15.b3 O-O
16.a4 Bc6 17.h3 Qc7 18.f4 Nf7 19.Qd2 Qb6 20.Kh2 Rfd8 21.Rd3 Rab8 22.Qe3 Qxe3
23.Rxe3 Rdc8 24.axb5 axb5 25.Ne2 e5 26.Rd1 d6 27.h4 Bd7 28.Rd2 b4 29.Nc1 Rc6
30.Bf1 Nh6 31.Kg2 Ng4 32.Re1 Be6 33.f5 Bf7 34.Kh3 h5 35.Nd3 Rc3 36.Bg2 Kh7
37.Bf3 Nh6 38.Ra1 Rb7 39.Ra6 Rbc7 40.Rxd6 Rxc2 41.Rxc2 Rxc2 42.Nxb4 Rb2 43.Bd1 Ng4
44.Bxg4 hxg4+ 45.Kxg4 Rxb3 46.Nd5 Rb7 47.Rc6 Bxd5 48.exd5 Rb4+ 49.Kf3 Rd4
50.Rd6 Rd3+ 51.Kg4 Rd4+ 52.Kh5 Rd1 53.Rd8 e4 54.d6 e3 55.Re8 Rxd6 56.Rxe3 Rd5
57.Kg4 Rd4+ 58.Kf3 Rd5 59.Kf4 Rd4+ 60.Re4 Rd8 61.Ra4 Kh6 62.g4 Rd7 63.Ra8 Kh7
64.g5 fxg5+ 65.hxg5 g6 66.f6 Rd4+ 67.Ke3 Rd3+ 68.Ke4 Rd4+ 69.Ke5 Rd5+ 70.Ke6 Rd6+
71.Ke7 Rd7+ 72.Ke8  1-0

[Event "Zonal 2.4 Absoluto 2013"]
[Site "Manaus BRA"]
[Date "2013.05.03"]
[Round "9.5"]
[White "Proudian,Armen"]
[Black "Cori T.,D"]
[Result "1-0"]
[WhiteElo "2271"]
[BlackElo "2430"]

1.e4 c5 2.Nf3 e6 3.d4 cxd4 4.Nxd4 Nc6 5.Nc3 Qc7 6.Be3 Nf6 7.f4 Bb4 8.Nb5 Qa5
9.e5 a6 10.exf6 axb5 11.fxg7 Bxc3+ 12.bxc3 Qxc3+ 13.Kf2 Rg8 14.Bxb5 Rxg7
15.a4 d5 16.Bd4 Qb4 17.Bxg7 Qxf4+ 18.Qf3 Qd2+ 19.Qe2  1-0

[Event "Zonal 2.4 Absoluto 2013"]
[Site "Manaus BRA"]
[Date "2013.05.03"]
[Round "9.4"]
[White "Reis,Renan do Carmo"]
[Black "Cori,J"]
[Result "0-1"]
[WhiteElo "2243"]
[BlackElo "2546"]

1.e4 c5 2.Nf3 e6 3.d4 cxd4 4.Nxd4 Nc6 5.Nc3 Qc7 6.Be3 a6 7.Be2 Nf6 8.O-O Bb4
9.Na4 Be7 10.Nxc6 bxc6 11.Nb6 Rb8 12.Nxc8 Qxc8 13.e5 Nd5 14.Bc1 Bc5 15.c4 Ne7
16.b3 Qc7 17.Bb2 O-O 18.Kh1 Qa7 19.Bd3 Rfd8 20.Qh5 Ng6 21.Rad1 d5 22.exd6 Rxd6
23.Be5 Nxe5 24.Bxh7+ Kf8 25.Qxe5 Rbd8 26.Rxd6 Bxd6 27.Qh5 Qc5 28.Qf3 Ke7
29.Be4 Bc7 30.Bxc6 Rd2 31.a4 Qd6 32.g3 Bb6 33.Bb7 a5 34.Kg2 g5 35.Qc6 Qd4
36.c5 Bxc5 37.Qc7+ Kf6 38.h4 Rxf2+ 39.Rxf2+ Qxf2+ 40.Kh3 g4+  0-1

[Event "Zonal 2.4 Absoluto 2013"]
[Site "Manaus BRA"]
[Date "2013.05.03"]
[Round "9.3"]
[White "Vera Siguenas,D"]
[Black "Mekhitarian,K"]
[Result "1/2-1/2"]
[WhiteElo "2427"]
[BlackElo "2548"]

1.e4 c5 2.Nf3 Nc6 3.d4 cxd4 4.Nxd4 e6 5.Nc3 a6 6.Be3 Nf6 7.Qd2 Qc7 8.O-O-O Bb4
9.f3 Ne5 10.Nb3 d5 11.Bd4 O-O 12.a3 Bd6 13.exd5 exd5 14.Qf2 Be6 15.Kb1 Rfe8
16.g4 Nfd7 17.Bd3 Rac8 18.Bf5 Nc6 19.Be3 Ne7 20.Nd4 Nc6 21.Nb3 Ne7 22.Nd4 Ng6
23.Nb3 Bf4 24.Bxg6 fxg6 25.Rhe1 Nf6 26.Bxf4 Qxf4 27.Ne2 Qc7 28.Nbd4 Bf7 29.Qg3 Qb6
30.h4 Rc4 31.Nb3 Rec8 32.Ned4 a5 33.Qf4 a4 34.Nc1 h6 35.Qd2 Qc5 36.Na2 Qc7
37.Nb4 Qg3 38.Rh1 Re8 39.Qh2 Qxh2 40.Rxh2 Re3 41.c3 Rc8 42.Rhh1 Rce8 43.Nbc2 R3e5
44.Rhe1 Nd7 45.Rxe5 Nxe5 46.Re1 g5 47.hxg5 hxg5 48.Nb4 Kh7 49.Kc2 Kg6 50.Nd3 Kf6
51.Nxe5 Rxe5 52.Rxe5 Kxe5 53.Kd2 Be8 54.Ke3 Bd7 55.b4 axb3 56.Nxb3 Bb5 57.Nd4 Bd7
58.Ne2 Bb5 59.Nd4 Bd7  1/2-1/2

[Event "ch-USA 2013"]
[Site "Saint Louis USA"]
[Date "2013.05.03"]
[Round "1"]
[White "Ivanov,AV USA"]
[Black "Robson,R"]
[Result "1/2-1/2"]
[WhiteElo "2529"]
[BlackElo "2620"]

1.e4 c5 2.Nf3 e6 3.d4 cxd4 4.Nxd4 Nc6 5.Nc3 Qc7 6.g3 a6 7.Bg2 Nf6 8.O-O Nxd4
9.Qxd4 Bc5 10.Bf4 d6 11.Qd3 Nd7 12.Na4 e5 13.Bd2 Bd4 14.Nc3 Nf6 15.Rac1 Be6
16.b3 Rc8 17.Nd1 h5 18.Be3 Bc5 19.Bxc5 Qxc5 20.c4 h4 21.Ne3 hxg3 22.hxg3 a5
23.Rfd1 Ke7 24.Qd2 Rhd8 25.Bf3 Ra8 26.Rc3 Ra6 27.Nc2 Rc6 28.a4 Rcc8 29.Ne3 Rh8
30.Rd3 Rcd8 31.Kg2 Rh6 32.Rh1 Rdh8 33.Rxh6 Rxh6 34.Kg1 b6 35.Bg2 Nd7 36.Nd1 Nf6
37.Ne3 Rh8 38.Nd1 Qa3 39.Qe3 Qc5 40.Qd2 Qa3 41.Qe3 Rb8 42.Bf3 Bd7 43.Qg5 Kf8
44.Qd2 Ke7 45.Qg5 Kf8 46.Qd2 Ke7 47.Qg5  1/2-1/2

[Event "46th ch-JPN"]
[Site "Tokyo JPN"]
[Date "2013.05.03"]
[Round "5.5"]
[White "Tanaka,T"]
[Black "Nakamura,N"]
[Result "0-1"]
[WhiteElo "1838"]
[BlackElo "2058"]

1.e4 c5 2.Nf3 e6 3.d4 cxd4 4.Nxd4 Nc6 5.Nc3 Qc7 6.Be3 a6 7.Be2 Nf6 8.a3 Nxd4
9.Bxd4 Bd6 10.h3 Be5 11.O-O O-O 12.Qd2 d6 13.f4 Bxd4+ 14.Qxd4 e5 15.Qe3 Be6
16.Qg3 exf4 17.Qxf4 Qc5+ 18.Kh1 Qe5 19.Qe3 d5 20.Rad1 Rad8 21.Rd4 dxe4 22.Rfd1 Rxd4
23.Rxd4 Rc8 24.Bf3 h6 25.Nxe4 Ne8 26.c3 f5 27.Qe2 Bf7 28.Ng3 Qxg3 29.Bxb7 Rb8
30.Bxa6 Nf6 31.Rd3 Qf4 32.Bb5 Ne4  0-1

[Event "31st Liechtenstein Open 2013"]
[Site "Triesen LIE"]
[Date "2013.05.03"]
[Round "1.15"]
[White "Meng,R"]
[Black "Plicka,P"]
[Result "1-0"]
[WhiteElo "2308"]
[BlackElo "1940"]

1.e4 c5 2.Nf3 e6 3.Nc3 Nc6 4.d4 cxd4 5.Nxd4 g6 6.Be3 Bg7 7.Ndb5 Be5 8.f4 Bb8
9.Nd6+ Bxd6 10.Qxd6 a6 11.O-O-O Qe7 12.Qd2 Nh6 13.Na4 Qb4 14.Qxb4 Nxb4 15.Nb6 Rb8
16.Bc5 Nc6 17.Bd6 Ng4 18.Bxb8 Nxb8 19.Nxc8 Nf2 20.Be2 O-O 21.Nd6 b5 22.Rhf1 Nxd1
23.Rxd1 f5 24.e5  1-0

[Event "Old Capital Open 2013"]
[Site "Veliko Tarnovo BUL"]
[Date "2013.05.03"]
[Round "5.18"]
[White "Ilchev,P"]
[Black "Tzouvelekis,I"]
[Result "1/2-1/2"]
[WhiteElo "2113"]
[BlackElo "1924"]

1.e4 c5 2.Nf3 e6 3.d4 cxd4 4.Nxd4 Nc6 5.Nc3 Qc7 6.g3 a6 7.Bg2 d6 8.a4 Bd7
9.O-O Be7 10.Nxc6 Bxc6 11.Be3 Nf6 12.a5 Nd7 13.Na4 Rc8 14.Nb6 Nxb6 15.Bxb6 Qd7
16.c4 O-O 17.b3 Bd8 18.Be3 Bc7 19.Qd3 Rcd8 20.Rfd1 f5 21.f4 Bxe4 22.Bxe4 fxe4
23.Qxe4 d5 24.Qg2 Qc6 25.cxd5 exd5 26.Rac1 Qd7 27.b4 Rfe8 28.Rxc7 Qxc7 29.Bb6  1/2-1/2

[Event "8th Angers Open"]
[Site "Angers FRA"]
[Date "2013.05.04"]
[Round "4.27"]
[White "Clement,Christian"]
[Black "Dujardin,B"]
[Result "1/2-1/2"]
[WhiteElo "1471"]
[BlackElo "1594"]

1.e4 e6 2.Nf3 c5 3.Nc3 Nc6 4.d4 cxd4 5.Nxd4 a6 6.Nxc6 bxc6 7.Bd3 Nf6 8.Bg5 h6
9.Bh4 Be7 10.e5 Nd5 11.Bxe7 Qxe7 12.Nxd5 exd5 13.Qe2 O-O 14.O-O d6 15.exd6 Qxd6
16.Rfc1 Be6 17.Bxa6 Qb4 18.b3 c5 19.Bd3 Ra3 20.c4 Qa5 21.cxd5 Bxd5 22.Rd1 Bxb3
23.Qe4 g6 24.Bc4 Bxd1 25.Qxg6+  1/2-1/2

[Event "31st Liechtenstein Open 2013"]
[Site "Triesen LIE"]
[Date "2013.05.04"]
[Round "2.5"]
[White "Mueller,Marku1"]
[Black "Farago,I"]
[Result "1/2-1/2"]
[WhiteElo "2167"]
[BlackElo "2445"]

1.e4 c5 2.Nf3 e6 3.d4 cxd4 4.Nxd4 Nc6 5.Nc3 a6 6.Be3 Nf6 7.Bd3 Qc7 8.O-O Ne5
9.f4 Nc4 10.Bxc4 Qxc4 11.e5 Nd5 12.Nxd5 Qxd5 13.c4 Qe4 14.Qd2 Bb4 15.Qf2 b6
16.a3 Be7 17.f5 O-O 18.f6 gxf6 19.exf6 Bc5 20.b4 Bxd4 21.Bxd4  1/2-1/2

[Event "Mistrzostwa Malopolski A"]
[Site "Krakow POL"]
[Date "2013.05.05"]
[Round "9.2"]
[White "Kondopoulos,D"]
[Black "Barski,R"]
[Result "1-0"]
[WhiteElo "2031"]
[BlackElo "2238"]

1.e4 c5 2.Nf3 e6 3.d4 cxd4 4.Nxd4 Nc6 5.Nc3 Qc7 6.Be3 a6 7.f4 b5 8.Qf3 Bb7
9.Bd3 Nf6 10.O-O-O Rc8 11.Kb1 Na5 12.g4 Nc4 13.Bc1 d6 14.g5 Nd7 15.Qh3 Qb6
16.Nce2 g6 17.Rhf1 Bg7 18.Nxe6 fxe6 19.Qxe6+ Kd8 20.Bxc4 Re8 21.Qh3 Rxc4
22.e5 d5 23.Qxh7 Bf8 24.b3 Rc7 25.Qh3 Bc5 26.Bb2 Qe6 27.Qxe6 Rxe6 28.h4 Re8
29.Ng3 Be7 30.h5 gxh5 31.Nxh5 Rh8 32.g6 Ke8 33.Ng7+ Kd8 34.Ne6+ Kc8 35.Nxc7 Kxc7
36.f5 Rg8 37.f6 Rxg6 38.fxe7 Re6 39.Rf7 Kc6 40.Rdf1  1-0

[Event "14th Euro Indiv 2013"]
[Site "Legnica POL"]
[Date "2013.05.05"]
[Round "1.13"]
[White "Muzychuk,M"]
[Black "Navara,D"]
[Result "1/2-1/2"]
[WhiteElo "2483"]
[BlackElo "2697"]

1.e4 c5 2.Nf3 e6 3.d4 cxd4 4.Nxd4 Nc6 5.Nc3 Qc7 6.Be3 a6 7.Qd2 Nf6 8.O-O-O Bb4
9.f3 Ne7 10.Nde2 b5 11.Bf4 e5 12.Bg5 h5 13.Kb1 Ba5 14.h4 Bb7 15.Qd3 O-O-O
16.Bxf6 gxf6 17.Nd5 Nxd5 18.exd5 Kb8 19.Ng3 d6 20.Nf5 Rc8 21.Qe4 Rhg8 22.Rh3 Rg6
23.g3 Rcg8 24.Be2 Bc8 25.g4 Bb6 26.Rhh1 Rh8 27.Rd3 Qc4 28.Qxc4 bxc4 29.Rdd1 Bxf5
30.gxf5 Rg3 31.Bxc4 Rxf3 32.Rdf1 Rxf1+ 33.Rxf1 a5 34.Be2 e4 35.Rf4 e3 36.c3 Rg8
37.Kc2 Rg2 38.Kd3 Kc7 39.a4 Kd8 40.b4 Rh2 41.bxa5 Bxa5 42.Kxe3 Bxc3 43.Rc4 Be1
44.Bxh5 Rxh4 45.Rxh4 Bxh4 46.Bxf7  1/2-1/2

[Event "14th Euro Indiv 2013"]
[Site "Legnica POL"]
[Date "2013.05.05"]
[Round "1.1"]
[White "Duda,J"]
[Black "Jakovenko,D"]
[Result "1/2-1/2"]
[WhiteElo "2506"]
[BlackElo "2731"]

1.e4 c5 2.Nf3 e6 3.d4 cxd4 4.Nxd4 Nc6 5.Nc3 d6 6.Be2 Nf6 7.O-O Be7 8.Be3 O-O
9.Kh1 a6 10.a4 e5 11.Nf3 h6 12.Nd2 Rb8 13.Nd5 Nxd5 14.exd5 Nb4 15.Ne4 Bf5
16.f3 a5 17.Ra3 Bg6 18.c3 f5 19.cxb4 fxe4 20.Qd2 Rc8 21.Rc3 axb4 22.Rxc8 Qxc8
23.Rc1 Qf5 24.Qxb4 exf3 25.Bxf3 e4 26.Be2 Bg5 27.Qd4 Bxe3 28.Qxe3 Qf2 29.Qxf2 Rxf2
30.Re1 e3 31.Kg1 Be4 32.Bf3 Bxf3 33.gxf3 Rxf3 34.Kg2 Rf2+ 35.Kg3 Rxb2 36.Rxe3 Rd2
37.Rb3 Kf7 38.Rxb7+ Kf6 39.a5 Rxd5 40.a6 Ra5 41.a7 g5 42.Rh7 Ke5 43.Rxh6 Rxa7
44.Rg6 d5 45.Rxg5+ Ke4 46.Kf2 d4 47.Ke1 Kd3 48.h4 Ra1+ 49.Kf2 Kc3 50.Rc5+ Kd2
51.h5 Ra6 52.Kf3 d3 53.Rd5 Kc3 54.Ke3 Re6+ 55.Kf4 d2 56.Rd7 Re7 57.Rd6 Re1
58.Kf5 d1=Q  1/2-1/2

[Event "14th Euro Indiv 2013"]
[Site "Legnica POL"]
[Date "2013.05.05"]
[Round "1.115"]
[White "Marjanovic,Dej"]
[Black "Halkias,S"]
[Result "0-1"]
[WhiteElo "2186"]
[BlackElo "2549"]

1.e4 c5 2.Nf3 e6 3.d4 cxd4 4.Nxd4 Nc6 5.Nc3 Qc7 6.Be3 Nf6 7.f4 d6 8.Qf3 Be7
9.O-O-O O-O 10.Nb3 Bd7 11.g4 d5 12.e5 Ne4 13.Nxe4 dxe4 14.Qxe4 Nb4 15.Bd3 g6
16.Nd4 Nxa2+ 17.Kb1 Nb4 18.c3 Nxd3 19.Rxd3 Qc4 20.Rdd1 Bc6 21.Qc2 Bxh1 22.Rxh1 Qd5
23.Re1 Rac8 24.f5 exf5 25.Bh6 fxg4 26.Bxf8 Bxf8  0-1

[Event "14th Euro Indiv 2013"]
[Site "Legnica POL"]
[Date "2013.05.05"]
[Round "1.38"]
[White "Istratescu,A"]
[Black "Khaetsky,R"]
[Result "1/2-1/2"]
[WhiteElo "2651"]
[BlackElo "2426"]

1.e4 c5 2.Nf3 e6 3.d4 cxd4 4.Nxd4 Nc6 5.Nc3 Qc7 6.f4 a6 7.Nxc6 bxc6 8.Bd3 d5
9.O-O Nf6 10.Kh1 Bb7 11.e5 Nd7 12.f5 Nxe5 13.fxe6 fxe6 14.Qh5+ g6 15.Qh3 Nxd3
16.cxd3 e5 17.Bg5 Bc8 18.Qh4 Be7 19.Rae1 Bf5 20.Bf6 Bxd3 21.Qg3 O-O 22.Qxd3 Bxf6
23.Rxf6 Rxf6 24.Nxd5 Qd8 25.Nxf6+ Qxf6 26.Qc4+ Kg7 27.h3 Qd6 28.Rc1 a5 29.Qxc6 Qxc6
30.Rxc6 Rb8 31.b3 a4 32.bxa4 Rb2 33.a5 Rxa2 34.a6 Kh6 35.Re6 Kg5 36.Rxe5+ Kf6
37.Rb5 Rxa6 38.Kh2 h5 39.h4 Ra3 40.g3 Ra2+ 41.Kh3  1/2-1/2

[Event "14th Euro Indiv 2013"]
[Site "Legnica POL"]
[Date "2013.05.06"]
[Round "2.125"]
[White "Gebigke,M"]
[Black "Butkiewicz,L"]
[Result "0-1"]
[WhiteElo "2158"]
[BlackElo "2410"]

1.e4 c5 2.Nf3 e6 3.d4 cxd4 4.Nxd4 Nc6 5.Nc3 Qc7 6.Be3 a6 7.Be2 Nf6 8.O-O Be7
9.f4 d6 10.a4 O-O 11.Kh1 Re8 12.Bf3 Bd7 13.Nb3 b6 14.g4 Bc8 15.g5 Nd7 16.Qe1 Bb7
17.Qf2 Rac8 18.Bg2 Bd8 19.Rad1 Nf8 20.Qg3 Nb4 21.Rf2 d5 22.e5 Be7 23.Nd4 Bc5
24.Nce2 Ng6 25.c3 Nc6 26.Nc2 a5 27.Ned4 Nxd4 28.Bxd4 Bc6 29.b3 Bd7 30.Rf3 Qb8
31.Qf2 Rc7 32.Bf1 Qc8 33.Qg3 Qb7 34.Kg1 Rec8 35.h4 Ne7 36.Bd3 b5 37.Bxc5 Rxc5
38.axb5 Bxb5 39.Nd4 Bxd3 40.Rfxd3 Qc7 41.Rc1 Qb6 42.Qf2 g6 43.Qe3 Nc6 44.Nxc6 R8xc6
45.Rcd1 Qxb3  0-1

[Event "14th Euro Indiv 2013"]
[Site "Legnica POL"]
[Date "2013.05.06"]
[Round "2.39"]
[White "Guseinov,G"]
[Black "Bukavshin,I"]
[Result "1/2-1/2"]
[WhiteElo "2623"]
[BlackElo "2520"]

1.e4 c5 2.Nf3 e6 3.d4 cxd4 4.Nxd4 Nc6 5.Nc3 Qc7 6.g3 a6 7.Bg2 Nf6 8.O-O Nxd4
9.Qxd4 Bc5 10.Bf4 d6 11.Qd2 h6 12.Rad1 e5 13.Be3 Be6 14.Bxc5 dxc5 15.f4 O-O
16.Nd5 Bxd5 17.exd5 Qd6 18.fxe5 Qxe5 19.c4 Qd6 20.Qf4 Rfd8 21.Rfe1 Kf8 22.Re5 Re8
23.Rf5 Rad8 24.a3 b6 25.b4 Qxf4 26.Rxf4 Re3 27.bxc5 bxc5 28.a4 Rb3 29.d6 Rb6
30.Rf5 Rbxd6 31.Rxd6 Rxd6 32.Rxc5 Rd1+ 33.Kf2 Rd2+ 34.Kg1 Rd1+ 35.Kf2 Rd2+
36.Kg1 Rd1+  1/2-1/2

[Event "14th Euro Indiv 2013"]
[Site "Legnica POL"]
[Date "2013.05.06"]
[Round "2.7"]
[White "Jobava,Ba"]
[Black "Grigoriants,S RUS"]
[Result "0-1"]
[WhiteElo "2702"]
[BlackElo "2579"]

1.e4 c5 2.Nc3 Nc6 3.Nge2 e6 4.d4 cxd4 5.Nxd4 Qc7 6.g3 a6 7.Bg2 Nf6 8.Nde2 d6
9.a4 Be7 10.O-O Rb8 11.b3 O-O 12.Bb2 b5 13.axb5 axb5 14.Qd3 Ne5 15.Qd2 b4
16.Nd1 Bb7 17.f4 Ned7 18.Nf2 Rfc8 19.Nd4 Bf8 20.Rac1 Ra8 21.Qxb4 d5 22.Qd2 Ra2
23.c4 dxe4 24.Rc2 Qb6 25.Bc3 Rxc2 26.Nxc2 Qxb3 27.Ne3 Bc5 28.Bd4 h5 29.Rd1 Qb6
30.h3 Ra8 31.Bxc5 Qxc5 32.g4 hxg4 33.hxg4 Ra3 34.Re1 Qa5 35.Qxa5 Rxa5 36.Nf1 g5
37.fxg5 Rxg5 38.Ne3 Ra5 39.Kh2 Ra2 40.Kg3 Ne5 41.Rb1 Bc6 42.Rb3 Kg7 43.Bh1 Re2
44.Kf4  0-1

[Event "31st Liechtenstein Open 2013"]
[Site "Triesen LIE"]
[Date "2013.05.06"]
[Round "4.1"]
[White "Hommeles,T"]
[Black "Malakhatko,V"]
[Result "1/2-1/2"]
[WhiteElo "2431"]
[BlackElo "2552"]

1.e4 c5 2.Nf3 e6 3.d4 cxd4 4.Nxd4 Nc6 5.Nc3 Qc7 6.Be2 a6 7.O-O b5 8.Nxc6 dxc6
9.a4 b4 10.Nb1 Nf6 11.Nd2 a5  1/2-1/2

[Event "14th Euro Indiv 2013"]
[Site "Legnica POL"]
[Date "2013.05.07"]
[Round "3.117"]
[White "Henseler,J"]
[Black "Romanishin,O"]
[Result "0-1"]
[WhiteElo "2093"]
[BlackElo "2504"]

1.e4 c5 2.Nf3 e6 3.d4 cxd4 4.Nxd4 Nc6 5.Nc3 a6 6.Be3 Nf6 7.Qd2 Ng4 8.Bg5 Qc7
9.Nb3 Bd6 10.Be2 h6 11.Bxg4 hxg5 12.g3 Be7 13.O-O-O Ne5 14.Be2 b5 15.f4 gxf4
16.gxf4 Nc4 17.Bxc4 bxc4 18.Nd4 Rb8 19.Nde2 Qb7 20.b3 Qb4 21.Qd4 Rh7 22.h4 cxb3
23.cxb3 Qxd4 24.Nxd4 Bb7 25.Rh3 Rc8 26.Kb2 Rxh4 27.Rxh4 Bxh4 28.Rh1 Bf2 29.Nde2 Ke7
30.Rh2 Ba7 31.Rh5 g6 32.Rh7 Bb8 33.e5 g5 34.fxg5 Rg8 35.Rh5 Bf3 36.Rh4 Rxg5
37.Ra4 Rg2  0-1

[Event "14th Euro Indiv 2013"]
[Site "Legnica POL"]
[Date "2013.05.07"]
[Round "3.120"]
[White "Szwed,J"]
[Black "Iwanow,A"]
[Result "0-1"]
[WhiteElo "2354"]
[BlackElo "2195"]

1.e4 c5 2.Nc3 Nc6 3.Nge2 e6 4.d4 cxd4 5.Nxd4 Qc7 6.g3 a6 7.Bg2 d6 8.O-O Bd7
9.Re1 Be7 10.Nce2 Nf6 11.a4 O-O 12.b3 e5 13.Nxc6 bxc6 14.c4 Be6 15.Nc3 Rab8
16.Rb1 Rb7 17.Ba3 Rfb8 18.Re3 Ne8 19.Rd3 Rb6 20.Qc2 Qb7 21.Nd1 a5 22.Bc1 Rb4
23.Rb2 Nc7 24.Bd2 Na6 25.Re3 Bg5 26.Bxb4 Nxb4 27.Qc3 Bxe3 28.Nxe3 g6 29.Rd2 Qc7
30.c5 dxc5 31.Bf1 Rd8 32.Rxd8+ Qxd8 33.Qxc5 Bxb3 34.Qxe5 Be6 35.h4 h5 36.Nc4 Qd1
37.Ne3 Qxa4 38.Nc4 Qd1 39.Ne3 Qd8 40.Nc4 Qd1 41.Nd6 Nd3 42.Qf6 Ne1 43.Qd8+ Kh7
44.f4 Qd4+ 45.Kh1 Qf2  0-1

[Event "14th Euro Indiv 2013"]
[Site "Legnica POL"]
[Date "2013.05.07"]
[Round "3.84"]
[White "Kriebel,T"]
[Black "Cyborowski,L"]
[Result "0-1"]
[WhiteElo "2388"]
[BlackElo "2543"]

1.e4 c5 2.Nf3 e6 3.d4 cxd4 4.Nxd4 Nc6 5.Nc3 Qc7 6.Be3 Nf6 7.f4 d6 8.Qf3 a6
9.O-O-O Be7 10.g4 Nxd4 11.Rxd4 b5 12.g5 Nd7 13.a3 Bb7 14.h4 Rc8 15.g6 hxg6
16.h5 Rxh5 17.Rxh5 gxh5 18.Qxh5 Bf6 19.Bh3 Nc5 20.Rxd6 Qxd6 21.e5 g6 22.Qh7 Bxe5
23.fxe5 Qxe5 24.Bd2 Qh5 25.Qg8+ Ke7 26.Qg7 Qxh3 27.Bg5+ Ke8 28.Qg8+ Kd7 29.Qxf7+ Kc6
30.Kb1 Qf5 31.Qe7 Ne4 32.Ne2 Qxg5  0-1

[Event "14th Euro Indiv 2013"]
[Site "Legnica POL"]
[Date "2013.05.07"]
[Round "3.111"]
[White "Hristodoulou,P"]
[Black "Firat,B"]
[Result "0-1"]
[WhiteElo "2219"]
[BlackElo "2421"]

1.e4 c5 2.Nf3 e6 3.d4 cxd4 4.Nxd4 Nc6 5.Nc3 Qc7 6.f4 a6 7.Nxc6 Qxc6 8.Bd3 b5
9.Qe2 Bb7 10.Bd2 Nf6 11.e5 Nd5 12.Be4 Qc5 13.Qf3 Rc8 14.Nxd5 Bxd5 15.Bxd5 exd5
16.Rc1 Be7 17.Qe3 Qc4 18.b3 Qc6 19.Qd3 Ba3 20.Rd1 d4 21.Qe2 Qxc2 22.O-O O-O
23.Qg4 Rfe8 24.Qxd7 Qxa2 25.f5 Rcd8 26.Qc7 Qxb3 27.Bg5 Rc8 28.Qd7 Bf8 29.Kh1 Kh8
30.Rxd4 Qc3 31.e6 f6 32.Bf4 Bc5 33.Rd3 Qc4 34.Rfd1 h6 35.Bg3 b4 36.h3 Bb6
37.Qf7 Qe4 38.Rd7 Rg8 39.Qg6 b3 40.Re1 Be3 41.Bf2 b2 42.Bxe3 Rb8 43.Rdd1 b1=Q
44.Rxb1 Rxb1 45.Rxb1 Qxb1+ 46.Kh2 Qb8+ 47.Kh1 Qe8 48.Qg4 Qe7 49.Qc4 Qb7 50.Qg4 a5  0-1

[Event "14th Euro Indiv 2013"]
[Site "Legnica POL"]
[Date "2013.05.07"]
[Round "3.51"]
[White "Lewtak,Da"]
[Black "Macieja,B"]
[Result "1/2-1/2"]
[WhiteElo "2224"]
[BlackElo "2600"]

1.e4 c5 2.Nf3 e6 3.d4 cxd4 4.Nxd4 Nc6 5.Nc3 Qc7 6.Be3 a6 7.Qd2 Nf6 8.O-O-O Be7
9.f3 h5 10.Kb1 b5 11.Nxc6 dxc6 12.Qf2 e5 13.Bc5 Be6 14.h4 Nd7 15.Bxe7 Kxe7
16.g3 Rhd8 17.Bh3 Bxh3 18.Rxh3 b4 19.Ne2 c5 20.Rhh1 Nf6 21.Qe3 c4 22.Rd2 Rac8
23.Rhd1 Rxd2 24.Qxd2 c3 25.bxc3 bxc3 26.Qc1 Kf8 27.Rd3 Qb6+ 28.Ka1 Qf2 29.Nxc3 Qxg3
30.Nd5 Nd7 31.Qa3+ Nc5 32.Rd1 Qf2 33.Nb6 Rc7 34.Nd5 Rd7 35.Ne3 Rxd1+ 36.Nxd1 Qd4+
37.Nc3 Kg8 38.Kb1 Ne6 39.Nd5 Qd1+ 40.Kb2 Kh7 41.Qxa6 Qxf3 42.Qa8 Qf2 43.Ne7 Qb6+
44.Kc1 Nd8 45.a4 Qd6 46.Nd5 g6 47.Kb2 Kg7 48.a5 Nc6 49.a6 Qc5 50.Qb7 Qd4+
51.c3 Qf2+ 52.Ka3 Qc5+ 53.Ka4 Qa5+ 54.Kb3 Qc5 55.Ka4 Qa5+ 56.Kb3 Qc5 57.Ka4  1/2-1/2

[Event "31st Liechtenstein Open 2013"]
[Site "Triesen LIE"]
[Date "2013.05.08"]
[Round "6.5"]
[White "Hommeles,T"]
[Black "Rooze,J"]
[Result "0-1"]
[WhiteElo "2431"]
[BlackElo "2372"]

1.e4 c5 2.Nf3 e6 3.d4 cxd4 4.Nxd4 Nc6 5.Nc3 d6 6.Be2 Nf6 7.O-O Be7 8.Be3 O-O
9.f4 a6 10.Kh1 Bd7 11.Bd3 b5 12.Qf3 Nxd4 13.Bxd4 b4 14.Nd1 Bc6 15.Nf2 Qb8
16.Qg3 Bb5 17.e5 Ne8 18.Ne4 Bxd3 19.Qxd3 Qb5 20.Qg3 dxe5 21.fxe5 Rd8 22.c3 Kh8
23.Rf3 Qe2 24.Ng5 Qxb2 25.Raf1 Bxg5 26.Qxg5 Rd7 27.Bc5 Rg8 28.cxb4 Qxa2 29.Rh3 Qc2
30.Rhf3 a5 31.Qh5 axb4 32.Bxb4 f5 33.h3 Nc7 34.Rf4 Nd5 35.Rh4 g5 36.Rd4 Ne3
37.Rg1 Rxd4 38.Be7 Nd5 39.Qf7 Qc8 40.Ra1 Nxe7  0-1

[Event "14th Euro Indiv 2013"]
[Site "Legnica POL"]
[Date "2013.05.09"]
[Round "5.103"]
[White "Pavlidis,Ant"]
[Black "Minko,V"]
[Result "0-1"]
[WhiteElo "2479"]
[BlackElo "2268"]

1.e4 c5 2.Nf3 e6 3.d4 cxd4 4.Nxd4 Nc6 5.Nc3 Qc7 6.Be2 a6 7.O-O Nf6 8.Be3 Bb4
9.Na4 O-O 10.c4 Be7 11.Nc3 d6 12.Rc1 Nxd4 13.Qxd4 Nd7 14.Rfd1 Ne5 15.Na4 Bd7
16.Nb6 Rad8 17.Qc3 Be8 18.Bd4 f6 19.a4 Bg6 20.Qe3 f5 21.f4 fxe4 22.Nd5 exd5
23.Bb6 Qd7 24.fxe5 Rde8 25.Rxd5 Qe6 26.Qg3 dxe5 27.Be3 Qc6 28.c5 Qxa4 29.c6 bxc6
30.Rd7 Kh8 31.h4 Qb3 32.Rxe7 Rxe7 33.Qg5 h6 34.Qxe7 Qxe3+ 35.Kh2 Re8 36.Qd6 Qf4+
37.g3 Qxc1 38.Qxg6 Rf8 39.Qxe4 Qxb2 40.Kh3 Rf2 41.Bd3 Rh2+ 42.Kg4 Qd4  0-1

[Event "14th Euro Indiv 2013"]
[Site "Legnica POL"]
[Date "2013.05.09"]
[Round "5.92"]
[White "Butkiewicz,L"]
[Black "Efimenko,Z"]
[Result "1-0"]
[WhiteElo "2410"]
[BlackElo "2677"]

1.e4 c5 2.Nf3 e6 3.d4 cxd4 4.Nxd4 Nc6 5.Nc3 d6 6.Be3 Nf6 7.Be2 Be7 8.O-O O-O
9.f4 Bd7 10.Kh1 Nxd4 11.Bxd4 Bc6 12.Bf3 Nd7 13.Qe1 e5 14.Be3 exf4 15.Bxf4 Ne5
16.Rd1 Qc7 17.Bxe5 dxe5 18.Nd5 Bxd5 19.Rxd5 Qxc2 20.Rxe5 Bd6 21.Rb5 b6 22.e5 Be7
23.Bxa8 Rxa8 24.e6 Bf6 25.exf7+ Kxf7 26.Qd1 Qxd1 27.Rxd1 Rc8 28.g3 Ke6 29.Rd2 Rc1+
30.Kg2 Ra1 31.a3 Rb1 32.Rb3 h6 33.Re3+ Kf5 34.Rf3+ Ke4 35.Rff2 Ke5 36.Rf1 Rxf1
37.Kxf1  1-0

[Event "14th Euro Indiv 2013"]
[Site "Legnica POL"]
[Date "2013.05.09"]
[Round "5.109"]
[White "Marjanovic,Dej"]
[Black "Firat,B"]
[Result "0-1"]
[WhiteElo "2186"]
[BlackElo "2421"]

1.e4 c5 2.Nf3 e6 3.d4 cxd4 4.Nxd4 Nc6 5.Nc3 Qc7 6.Be3 Nf6 7.f4 Bb4 8.Nb5 Qa5
9.e5 Nd5 10.Bd2 Nxc3 11.bxc3 Bc5 12.c4 Qd8 13.Bd3 O-O 14.Qh5 g6 15.Qh6 d5
16.exd6 Qf6 17.Bc3 Bb4 18.Kd2 a6 19.Bxb4 Nxb4 20.Nc3 Nxd3 21.cxd3 b5 22.Ne4 Qb2+
23.Ke3 f5 24.Ng5 Ra7 25.c5 e5 26.Nf3 exf4+ 27.Kxf4 g5+ 28.Qxg5+ Rg7 29.Rab1 Qc3
30.Qh5 Qxd3 31.Ng5 Qd2+ 32.Ke5 Rxg5 33.Qxg5+ Qxg5  0-1

[Event "SCT Seniors 2013"]
[Site "Stockholm SWE"]
[Date "2013.05.09"]
[Round "2.7"]
[White "Carlsten,P"]
[Black "Mishuchkov,N"]
[Result "0-1"]
[WhiteElo "2048"]
[BlackElo "2365"]

1.e4 c5 2.Nf3 e6 3.d4 cxd4 4.Nxd4 Nc6 5.Nc3 Qc7 6.g3 a6 7.Bg2 Nf6 8.b3 Be7
9.Bb2 O-O 10.O-O Rd8 11.Kh1 Nxd4 12.Qxd4 d6 13.Qd2 Bd7 14.f4 Bc6 15.Qe2 b5
16.a3 Qb7 17.Rae1 Rac8 18.Nd1 d5 19.e5 Ne4 20.Nf2 Nxf2+ 21.Qxf2 d4 22.Re2 d3
23.cxd3 Rxd3 24.b4 h5 25.Bxc6 Qxc6+ 26.Qg2 h4 27.Qxc6 Rxc6 28.Kg2 g6 29.Rc1 Rxc1
30.Bxc1 Rc3 31.Bb2 Rc4 32.Rd2 Kf8 33.Kf3 hxg3 34.hxg3 Ke8 35.Rh2 g5 36.Rd2 gxf4
37.gxf4 Bf8 38.Rd4 Rc2 39.Ba1 Ra2 40.Bc3 Rxa3 41.Rd2 Be7  0-1

[Event "14th Euro Indiv 2013"]
[Site "Legnica POL"]
[Date "2013.05.10"]
[Round "6.46"]
[White "Petr,Ma"]
[Black "Rodshtein,M"]
[Result "0-1"]
[WhiteElo "2523"]
[BlackElo "2638"]

1.e4 c5 2.Nf3 e6 3.d4 cxd4 4.Nxd4 Nc6 5.Nc3 Qc7 6.Be3 a6 7.f4 b5 8.Bd3 Bb7
9.Qf3 Nf6 10.Nb3 d6 11.O-O Be7 12.Qh3 h5 13.Kh1 g6 14.Rae1 Nb4 15.a3 Nxd3
16.cxd3 Rc8 17.Nd4 Qd7 18.f5 gxf5 19.exf5 e5 20.Nf3 Ng4 21.d4 Qxf5 22.Bg1 Qe6
23.dxe5 dxe5 24.Re2 Rc4 25.Nd1 Rf4 26.Rfe1 Rg8 27.Qg3 Rxf3 28.gxf3 Bh4 29.Qxh4 Bxf3+
30.Rg2 Qc6 31.Qg3 Bxg2+ 32.Qxg2 Nf2+ 33.Bxf2 Qxg2+  0-1